000 00500cam a2200193ua 4500
020 _c15.00
041 _aeng
_h
082 _a658.5
_bBUC/SC
100 _aBuchan, Joseph .
245 _aScientific inventory management /
_cJoseph Buchan.
_hTextual Documents
250 _a1 /
_b.
260 _aNew Delhi :
_bPrentice Hall of India Pvt Ltd. ,
_c1966.
300 _a523 ; .
365 _a15.00
504 _a
700 1 _aKoenigsberg, Ernest .
942 _cBK
999 _c10182
_d10182